Welch 4/4 Trivia Quiz Stats

 Plays Quiz not verified by Sporcle

Score 0/20 Timer 07:00
0 Plays Today
Hint Answer % Correct
Who is the Youngest?Georgia
100%
Who is the Oldest?Hannon
94.4%
Who are the middle children (Oldest to Youngest)? Lexi and Teddi
94.4%
What is Lexi's Alma Mater? Bard
94.4%
Where does Grandma Live?Palm Springs
94.4%
From largest to smallest, describe in what size cups the following beverages belong: Juice, Water, Milk?Water, Milk, Juice
88.9%
What snack can usually be found at the Welch residence?Popcorn
83.3%
What day is Teddi's birthday?Summer Solstice
77.8%
What is Georgia's common nickname?G , Ghaaj, Ghaajini
77.8%
What Westchester businesses have employed at least TWO Welch girls?Capriccio's I or HVSF
77.8%
Hint Answer % Correct
Name a classic Welch Family show (the whole family)?Many Many Many Things
72.2%
What family pet was murdered by a neighbor?Bunny
72.2%
What is Hannon's Astrological Sign?Pisces
66.7%
Who is Edward Welch's favorite female artist?MJB
66.7%
What game do the Welch's play on Christmas Eve? Hint: Someone usually criesCharades
55.6%
What's the summer domino game frequently played on the back deck?Chicken Feet
44.4%
What are the 4 colors that represent each sister (Youngest to oldest)?Orange, Pink, Green, Purple
38.9%
What is the biggest embarrassment in said game?Stumped by your own chicken foot
33.3%
What is the cabinet in the Dining room called?Jelly Cupboard
27.8%
What is the Welch Household's Alternative Name?Tampalace
11.1%

You're not logged in!

Compare scores with friends on all Sporcle quizzes.
OR
Log In

Show Comments

Extras

Created Aug 12, 2015ReportNominate
Tags:girl

Top Quizzes Today


Score Distribution

Your Account Isn't Verified!

In order to create a playlist on Sporcle, you need to verify the email address you used during registration. Go to your Sporcle Settings to finish the process.

Report this User

Report this user for behavior that violates our Community Guidelines.

Details: